Concept of Allah in the Islamic Creed. (Record no. 10481)

MARC details
000 -LEADER
fixed length control field 00606nam a2200229 a 4500
020 ## - INTERNATIONAL STANDARD BOOK NUMBER
ISBN 8174352325
082 00 - DEWEY DECIMAL CLASSIFICATION NUMBER
Classification number 297.211
Author Cutter HAS
100 ## - MAIN ENTRY--AUTHOR NAME
Author name Hasan Al Anna, Shaikh
245 ## - TITLE STATEMENT
Title Concept of Allah in the Islamic Creed.
260 ## - PUBLICATION, DISTRIBUTION, ETC. (IMPRINT)
Place of publication New Delhi
Name of publisher Adam Publisher and Distributer
Year of publication 2000
300 ## - PHYSICAL DESCRIPTION
Number of Pages 165p
500 ## - GENERAL NOTE
General note includes index and biblioraphy
505 2# - FORMATTED CONTENTS NOTE
Formatted contents note General Index
942 ## - ADDED ENTRY ELEMENTS (KOHA)
Koha item type Books
700 1# -
-- Hasan Al Anna, Shaikh
Holdings
Collection code Home library Current library Date acquired Cost, normal purchase price Full call number Accession Number Koha item type
  Henry Martyn Institute Library Henry Martyn Institute Library 11/08/2013 100.00 297.211 HAS 019910 Books
                   Copyright © 2026 | Henry Martyn Institute | Hyderabad | TS-500052 | INDIA | Implemented by hmi.edu.in
Hit-Count:

Powered by Koha